000 00289nam a22001337a 4500
008 180806b xxu||||| |||| 00| 0 eng d
082 _a813.52
245 _aCosmic Perspective
_cBennett
260 _c2004
300 _a1
_fCD
440 _x0805387196
760 _b3rd
942 _2ddc
_cMX
999 _c46847
_d46847